| 000 | 00573nam a2200217 a 4500 | ||
|---|---|---|---|
| 005 | 20210219152910.0 | ||
| 008 | 991125n 000 0 spa u | ||
| 035 | _aUPN01000066243 | ||
| 100 | _aGARCIA GALLO, Gaspar M. Jorge | ||
| 222 | _aEDUCACION | ||
| 245 | _aBosquejo general del desarrollo de la educación en Cuba | ||
| 260 | C | U | _BCUBA |
| 300 | _a16-33 | ||
| 362 | _a1974 Año 14, no. 12, ene.-mar. | ||
| 653 | 0 | _aCUBA | |
| 653 | 0 | _aDESARROLLO EDUCATIVO | |
| 653 | 0 | _aHISTORIA | |
| 653 | 0 | _aSISTEMA EDUCATIVO | |
| 904 |
_aAC _b004054 |
||
| 905 | _aArticulo | ||
| 999 |
_c63387 _d63387 |
||